LEADER 02120nam0 22004933i 450 001 BVE0736112 005 20251003044100.0 010 $a9788838615443 010 $a9788838665110 100 $a20170509d2013 ||||0itac50 ba 101 | $aita$ceng 102 $ait 181 1$6z01$ai $bxxxe 182 1$6z01$an 183 1$6z01$anc$2RDAcarrier 200 1 $aTermodinamica e trasmissione del calore$fYunus A. Çengel$gedizione italiana a cura di Giuliano Dall'O', Luca Sarto 205 $a4. ed 210 $aMilano [etc.]$cMcGraw-Hill$d2013 215 $aXXII, 618 p., [72] carte$cill.$d27 cm 225 | $aCollana di istruzione scientifica$i. Serie di fisica tecnica 300 $aIn copertina: con eserciziario 300 $aIn vendita anche con: Elementi di acustica e illuminotecnica / Paola Ricciardi. 410 0$1001MIL0398944$12001 $aCollana di istruzione scientifica$i. Serie di fisica tecnica 500 10$aIntroduction to thermodynamics and heat transfer$3UBO0308333$9MILV131559$927469 606 $aCalore$xTrasmissione$2FIR$3CFIC006958$9E 606 $aTermodinamica$2FIR$3CFIC007429$9E 676 $a536.7$9TERMODINAMICA$v19 676 $a536.7$9FISICA.CALORE.TERMODINAMICA$v22 676 $a621.402$9INGEGNERIA TERMICA$v14 676 $a621.4021$9$v21 676 $a621.4021$9INGEGNERIA TERMICA. TERMODINAMICA$v22 696 $aTrasformazione termodinamica 699 $aTermodinamica$zTrasformazione termodinamica 700 1$aÇengel$b, Yunus A.$3MILV131559$4070$09679 702 1$aDall'Ò$b, Giuliano$3CFIV095375$4340 702 1$aSarto$b, Luca$3MILV345922$4340 790 1$aÇengel$b, Yunus Ali$3SBNV119268$zÇengel, Yunus A. 801 3$aIT$bIT-000000$c20170509 850 $aIT-BN0095 912 $aBVE0736112 950 0$aBiblioteca Centralizzata di Ateneo$c1 v.$d 01SALA DING 621.402 CEN.te$e 0102 0000102925 VMA A4(4. ed. 1 v. + 1 codice di accesso alla piattaforma CONNECT$fB $h20171103$i20171110 977 $a 01 996 $aIntroduction to thermodynamics and heat transfer$927469 997 $aUNISANNIO